| 000 | 00581nam a2200205 i 4500 | ||
|---|---|---|---|
| 001 | 6669 | ||
| 003 | ES-MaACL | ||
| 005 | 20260525062923.0 | ||
| 008 | 900226s1976 sp ||||1| spa d | ||
| 020 | _a84-239-1602-2 | ||
| 080 | _a821.134.2-34"19" | ||
| 100 | 1 |
_aCela, Camilo José, _d1916-2002 _937336 |
|
| 245 | 1 | 0 |
_aEsas nubes que pasan / _cCamilo José Cela. |
| 260 |
_aMadrid : _bEspasa-Calpe, _c1976. |
||
| 300 |
_a160 p. ; _c18 cm. |
||
| 490 | 1 |
_aColección austral ; _v1602 |
|
| 830 | 1 |
_aColección austral _v1602 _9177655 |
|
| 852 | 4 |
_aES-MaACL _jL-13933 |
|
| 999 |
_c6669 _d6669 |
||